00615cam a22001815a 450000100090000000300040000900500170001300800410003001000170007102000180008804000180010608200100012424501080013426000420024230000390028449000190032385600910034217168556OSt20180116192425.0120216s xx 000 0 eng  a 2012359298 a9783034607261 aDLCcDLCdDLC a668.900aConstruction Manual for Polymers +Membranes :bMaterials, Semi-finished Products, Form-Finding, Design. aBasel :bBirkhè€auser Verlag,c2011. a296 p. :bill. (some col) ;c30 cm0 aEdition Detail423Publisher descriptionuhttp://www.loc.gov/catdir/enhancements/fy1212/2012359298-d.html